000 01124njm a22002657a 4500
005 20100901144350.0
006 a|||||r|||||00| 0
007 sd ammalaaahaa
008 100901t xxu||||| |||| 00| 0 eng d
028 _aVE 5049
_bColumbia
035 _aGR-213
040 _aSED
_cSED
100 _aBade Ghulamali Khan
_917825
245 _aPrem ke fande me aakar sajani:
_cby Pankaj Mullick; lyrics by Bhusan
_h[sound recording]
_bbhairavi /
246 _aप्रेम के फंदे में आकर सजनी / पंकज मुल्लिच्क
_bभैरवी
260 _aMiddlesex, England
_bColumbia
300 _a1 sound disc [Gramophone Recording] :
_banalog, 33 1/3 rpm
_c9.5 in. (MP)
_fGramophone Records
500 _aBrief record
505 _aSide-2 कटे न बिरहा की रात - पीलू (Kate an birha ki raat - Piluu ) (Bade Ghulamali khan)
650 _aClassical music
_xExcerpts
_zIndia
_917826
700 _917827
700 _917828
942 _2ddc
_cGR
999 _c43388
_d43388